Geography Quiz

Random Geography or State Quiz

Where's the Beef? Quiz Stats

 Plays Quiz Updated Apr 17, 2019

Score 0/10 Timer 02:00
7 Plays Today
% Correct
Texas
(#1)
4.635M
92.5%
Kansas
(#6)
1.529M
88.7%
Nebraska
(#4)
1.942M
86.2%
Oklahoma
(#2)
2.15M
84.7%
South Dakota
(#5)
1.818M
69.1%
Missouri
(#3)
2.059M
56.8%
North Dakota
(#9)
985K
53.4%
Iowa
(#10)
950k
52.7%
Montana
(#7)
1.448M
48.5%
Kentucky
(#8)
1.02M
12.9%

You're not logged in!

Compare scores with friends on all Sporcle quizzes.
OR
Log In

Sporcle TV

Today on Sporcle TV


Watch our educational content, quiz creation guides, and fun videos on Sporcle TV.

Show Comments

Extras

Top Quizzes Today


Score Distribution

Your Account Isn't Verified!

In order to create a playlist on Sporcle, you need to verify the email address you used during registration. Go to your Sporcle Settings to finish the process.

Report this User

Report this user for behavior that violates our Community Guidelines.

Details: